000 00208 a2200097 4500
001 7094
100 _aWaheed uz Zaman
245 _aTowards Pakistan
260 _a
_bPublishers united
_c
090 _c5864
_d5864
942 _aNUST-CAE
_cM
_c32338
999 _c242167
_d242167